Music Quiz

Random Music Quiz

Toby Keith: Drinks after Work Lyrics Quiz Stats

 Plays Quiz not verified by Sporcle

Challenge
Share
Tweet
Embed
Score 0/268 Timer 07:00
0 Plays Today
Hint Answer % Correct
after
93.5%
work
93.5%
after
93.5%
work
93.5%
after
93.5%
work
93.5%
after
93.5%
work
93.5%
after
93.5%
work
93.5%
after
93.5%
work
93.5%
after
93.5%
work
93.5%
the
90.3%
the
90.3%
the
90.3%
the
90.3%
a
90.3%
a
90.3%
the
90.3%
the
90.3%
and
90.3%
a
90.3%
a
90.3%
and
90.3%
the
90.3%
and
90.3%
a
90.3%
drink
90.3%
a
90.3%
a
90.3%
a
90.3%
a
90.3%
and
90.3%
the
90.3%
the
90.3%
and
90.3%
a
90.3%
and
90.3%
a
90.3%
the
90.3%
the
90.3%
and
90.3%
a
90.3%
a
90.3%
and
90.3%
the
90.3%
and
90.3%
a
90.3%
drink
90.3%
to
88.7%
to
88.7%
to
88.7%
to
88.7%
to
88.7%
to
88.7%
to
88.7%
to
88.7%
to
88.7%
to
88.7%
go
83.9%
it
83.9%
it
83.9%
it
83.9%
it
83.9%
it
83.9%
it
83.9%
we
82.3%
no
82.3%
we
82.3%
no
82.3%
drinks
82.3%
drinks
82.3%
drinks
82.3%
no
82.3%
we
82.3%
no
82.3%
drinks
82.3%
drinks
82.3%
you
80.6%
you's
80.6%
you
80.6%
you
80.6%
you
80.6%
of
79%
of
79%
get
79%
get
79%
get
79%
Hint Answer % Correct
of
79%
get
79%
get
79%
on
77.4%
for
77.4%
for
77.4%
for
77.4%
for
77.4%
on
77.4%
for
77.4%
for
77.4%
day
75.8%
gonna
75.8%
just
75.8%
just
75.8%
gonna
75.8%
day
75.8%
just
75.8%
gonna
75.8%
day
75.8%
gonna
75.8%
just
75.8%
just
75.8%
gonna
75.8%
what
74.2%
in
74.2%
1
72.6%
me
72.6%
me
72.6%
me
72.6%
well
72.6%
me
72.6%
1
72.6%
from
71%
long
71%
made
71%
know
71%
long
71%
long
71%
made
71%
know
71%
that
69.4%
two
69.4%
i'm
69.4%
that
69.4%
I'm
69.4%
2
69.4%
little
69.4%
little
69.4%
little
69.4%
I'm
69.4%
that
69.4%
I'm
69.4%
2
69.4%
little
69.4%
little
69.4%
break
67.7%
week
67.7%
week
67.7%
break
67.7%
at
66.1%
time
66.1%
have
66.1%
time
66.1%
time
66.1%
have
66.1%
yeah
64.5%
thinkin
62.9%
middle
62.9%
casually
62.9%
tell
62.9%
tell
62.9%
middle
62.9%
thinkin
62.9%
casually
62.9%
having
61.3%
fun
61.3%
whats
61.3%
what's
61.3%
having
61.3%
fun
61.3%
what's
61.3%
gettin
59.7%
need
59.7%
hurt
59.7%
hurt
59.7%
need
59.7%
hurt
59.7%
living
58.1%
right
58.1%
Hint Answer % Correct
better
58.1%
ain't
58.1%
ball
58.1%
better
58.1%
ain't
58.1%
better
58.1%
ball
58.1%
phone
56.5%
stare
56.5%
doin
56.5%
dream
56.5%
good
56.5%
chain
56.5%
skirts
56.5%
like
56.5%
with
56.5%
like
56.5%
with
56.5%
good
56.5%
skirts
56.5%
Talk
54.8%
job
54.8%
thinking
54.8%
suits
54.8%
some
54.8%
some
54.8%
suits
54.8%
screen
53.2%
going
53.2%
paid
50%
or
50%
home
50%
probably
50%
watch
50%
happy
50%
it's
50%
probably
50%
watch
50%
about
48.4%
tonight
48.4%
out
46.8%
let's
46.8%
holiday
46.8%
let's
46.8%
while
46.8%
boss
46.8%
don't
46.8%
don't
46.8%
lets
46.8%
should
45.2%
hour's
45.2%
away
45.2%
well
45.2%
off
45.2%
getting
43.5%
5
43.5%
I'd
43.5%
take
43.5%
stead
41.9%
than
41.9%
9
41.9%
7
41.9%
7
41.9%
laugh
40.3%
being
40.3%
sippin
40.3%
see
38.7%
friend
38.7%
say
37.1%
up
37.1%
stuck
37.1%
wanna
37.1%
conversate
35.5%
smile
35.5%
tippin
35.5%
I'll
33.9%
keep
33.9%
company
33.9%
whole
33.9%
lot
33.9%
drive
33.9%
edge
33.9%
prove
32.3%
hanging
32.3%
catch
30.6%
crushing
30.6%
rather
29%
chains
29%

You're not logged in!

Compare scores with friends on all Sporcle quizzes.
OR
Log In

You Might Also Like...

Show Comments

Extras

Created Sep 25, 2013SourceReportNominate
Tags:drink, keith, toby, Toby Keith

Top Quizzes Today


Score Distribution

Your Account Isn't Verified!

In order to create a playlist on Sporcle, you need to verify the email address you used during registration. Go to your Sporcle Settings to finish the process.

Report this User

Report this user for behavior that violates our Community Guidelines.

Details: